| 000 | 00527nam a22001937a 4500 | ||
|---|---|---|---|
| 999 |
_c5458 _d5458 |
||
| 003 | OSt | ||
| 005 | 20251027103845.0 | ||
| 008 | 180307b xxu||||| |||| 00| 0 spa d | ||
| 020 | _a9509163902 | ||
| 040 | _cPJ | ||
| 100 |
_96460 _aMusto, Nestor Jorge |
||
| 245 | 1 | 0 |
_aDerechos reales / _cNestor Jorge Musto. |
| 260 |
_aBuenos Aires : _bRubinzal Culzoni, _c1993. |
||
| 300 | _c19 cm. | ||
| 505 | _aContenido: | ||
| 650 | 0 |
_9352 _aDERECHO CIVIL |
|
| 650 | 0 |
_91821 _aDERECHOS REALES |
|
| 942 |
_2udc _cLIB _h347.22 _iMUS |
||